000 00282nam a22001337a 4500
008 170523b xxu||||| |||| 00| 0 eng d
020 _a9781604265484
041 _aeng
080 _a94
100 _a16
101 _aSHH
245 _aTHE MIDDLE EAST
_cMRON.J
942 _2udc
_cBK
999 _c13939
_d13939